000
00322nam a2200133Ia 4500
100
_a
Katre/J.S
650
_a
Digital Communication
942
_c
BK
654
_a
Digital
245
_a
Principles of digital communication
260
_b
Tech-Max Publications
_a
Pune
_c
2003
082
_a
621.382/KAT
_b
KAT
546
_a
ENGLISH
999
_c
24299
_d
24299